| 000 | 00622nam a22001937a 4500 | ||
|---|---|---|---|
| 003 | NUST - PNEC | ||
| 005 | 20170116180756.0 | ||
| 008 | 150407b xxu||||| |||| 00| 0 eng d | ||
| 020 | _a9780345336675 | ||
| 040 | _cLIBRARY | ||
| 082 | _a973.35 TUC | ||
| 100 |
_92151 _aTuchman Barbara W |
||
| 245 |
_aThe first salute _cBarbara W Tuchman |
||
| 260 |
_aNew York : _bBallantine : _cc.1988. |
||
| 300 | _a406 p. : | ||
| 650 |
_92152 _aWar _xGeneral |
||
| 856 | _uhttp://www.amazon.com/First-Salute-Barbara-W-Tuchman/dp/0345336674/ref=sr_1_1?s=books&ie=UTF8&qid=1428391171&sr=1-1&keywords=9780345336675 | ||
| 942 |
_2ddc _cBK |
||
| 999 |
_c62776 _d62776 |
||